Rafi Ahmad Kidwai (Record no. 3117)

MARC details
000 -LEADER
fixed length control field 00594nam a2200241 a 4500
020 ## - INTERNATIONAL STANDARD BOOK NUMBER
ISBN
082 00 - DEWEY DECIMAL CLASSIFICATION NUMBER
Classification number 922.97
Author Cutter CHO
100 ## - MAIN ENTRY--AUTHOR NAME
Author name Chopra, Pran Nath
245 ## - TITLE STATEMENT
Title Rafi Ahmad Kidwai
Sub title His Life and Work
260 ## - PUBLICATION, DISTRIBUTION, ETC. (IMPRINT)
Place of publication Agra
Name of publisher Agarwal and Company
Year of publication 1960
300 ## - PHYSICAL DESCRIPTION
Number of Pages 227p
500 ## - GENERAL NOTE
General note includes index and biblioraphy
505 2# - FORMATTED CONTENTS NOTE
Formatted contents note index, ill
650 ## - SUBJECT ADDED ENTRY--TOPICAL TERM
Topical Term Rafi Ahmed Kidwai
942 ## - ADDED ENTRY ELEMENTS (KOHA)
Koha item type Books
700 1# -
-- Chopra, Pran Nath
Holdings
Home library Current library Date acquired Cost, normal purchase price Full call number Accession Number Koha item type
Henry Martyn Institute Library Henry Martyn Institute Library 06/06/2007 9.50 922.97 CHO 05786 E-Books
                   Copyright © 2026 | Henry Martyn Institute | Hyderabad | TS-500052 | INDIA | Implemented by hmi.edu.in
Hit-Count:

Powered by Koha